Obec ako účastník konania pri rozhodovaní vo veciach odpadového hospodárstva

Úlohy obcí vo vzťahu k odpadom. Pohľad na zákon o odpadoch. Správne konanie vo veciach odpadového hospodárstva.

Salvato in:
Dettagli Bibliografici
Autore principale: Gašparíková, Božena
Natura: Capitolo di libro
Lingua:slovacco
Soggetti:
Tags: Aggiungi Tag
Nessun Tag, puoi essere il primo ad aggiungerne!!

MARC

LEADER 00000naa$a2200000$$$4500
001 0116366
005 20231127105147.4
041 0 |a slo 
044 |a SK 
245 1 0 |a Obec ako účastník konania pri rozhodovaní vo veciach odpadového hospodárstva  |c Božena Gašparíková 
520 |a Úlohy obcí vo vzťahu k odpadom. Pohľad na zákon o odpadoch. Správne konanie vo veciach odpadového hospodárstva. 
610 2 0 |a hospodárstvo odpadové 
610 2 0 |a odpad komunálny 
610 2 0 |a Slovensko 
610 2 0 |a legislatíva 
610 2 0 |a obce 
610 2 0 |a prostredie životné 
100 1 |a Gašparíková, Božena